LEADER 01057nam a2200277 u 4500 001 000000071439 003 CaOOAMICUS 005 20070226122130.0 008 020528s1967 it u000 u ita u 035 $a10931219 040 $aPUL(R)$bita 041 1 $aita$hfre 100 1 $aEvely, Louis.$0(OLS)http://pul/name/40856 240 10$aReligion pour notre temps.$lItaliano.$0(OLS)http://pul/title/94042 245 14$aUna religione per il nostro tempo /$cLouis Evely. 260 $aAssisi :$bCittadella,$c1967. 300 $a205 p. ;$c21 cm 490 1 $aProspettive 650 4$aTeologia dogmatica.$0(OLS)http://pul/subject/663 830 0$aProspettive (Cittadella).$0(OLS)http://pul/title/77562 850 $aPUL 852 $aPUL$W1$xDP1 Religione 1$y20$m549 M 40$j92398$nBK-PRI$b $qStampati$B92398$CPULBib$Z2$F92398 $H $81 941 1 $a8 961 $aINV: 62931 996 $6245$aUna religione per il nostro tempo$9(OLS)http://pul/title/94043 996 $6260$aAssisi :$bCittadella$9(OLS)http://pul/publisher/49668 LEADER 01198nam a2200229 u 4500 001 000000077406 003 CaOOAMICUS 005 20070226123322.0 008 040203s1984 sz u000 u eng u 035 $a10983165 040 $aPUL(R)$bita 245 00$aHistorical compendium of European universities = :$bRépertoire historique des universités européennes /$cedited by Lubor Jílek. 260 $aGenève :$bCRE,$c1984. 300 $a346 p. ;$c21 cm 500 $aIn testa al front.: Standing conference of rectors, presidents and vice-chancellors of the Eiropean universities = Conference permanente des recteurs, presidents et vice-chanceliers des universites europeennes. 650 4$aUniversità$zEuropa.$0(OLS)http://pul/subject/26857 700 1 $aJA&Gilek, Lubor.$0(OLS)http://pul/name/51471 850 $aPUL 852 $aPUL$W1$xSL Filosofia 1$y2$m138(1) B 3$j99441$nBK-PRI$b $qStampati$B99441$CPULBib$Z2$F99441 $HPUL53226 $81 941 1 $a8 996 $6245$aHistorical compendium of European universities = :$bRépertoire historique des universités européennes$9(OLS)http://pul/title/101498 996 $6260$aGenève :$bCRE$9(OLS)http://pul/publisher/75098